The american presidency: an interpretation
Guardat en:
| Autor principal: | |
|---|---|
| Format: | Llibre |
| Idioma: | anglès |
| Publicat: |
Londres
George Allen & Unwin
1940
|
| Matèries: | |
| Etiquetes: |
Afegir etiqueta
Sense etiquetes, Sigues el primer a etiquetar aquest registre!
|
MARC
| LEADER | 00000nam a2200000 a 4500 | ||
|---|---|---|---|
| 001 | UCT8586 | ||
| 003 | CL-VaPUC | ||
| 008 | 970326e19400000UK |||||||||||||||||eng|d | ||
| 082 | 0 | 4 | |a 321.804 |b LAS |2 21 |
| 100 | |a Laski, Harold J |e author |9 437794 | ||
| 245 | 1 | 4 | |a The american presidency: an interpretation |
| 300 | |a 286 p | ||
| 942 | |c BK | ||
| 945 | |d 19970326 00:00:00 |a paguirre | ||
| 260 | |a Londres |b George Allen & Unwin |c 1940 | ||
| 650 | 7 | |a PRESIDENTE DEL GOBIERNO |2 CL-VaPUC |9 380385 | |
| 650 | 7 | |a PRESIDENCIA |2 CL-VaPUC |9 341215 | |
| 650 | 7 | |a SISTEMAS PRESIDENCIALES |2 CL-VaPUC |9 378914 | |
| 650 | 7 | |a SISTEMAS POLITICOS |2 CL-VaPUC |9 380386 | |
| 650 | 0 | |a República |9 310048 | |
| 650 | 0 | |a Poder ejecutivo |9 255177 | |
| 651 | 0 | |a Estados Unidos |9 255178 | |
| 583 | |a last modification |c 19970326 00:00:00 |k Rodrigo Vera | ||
| 999 | |c 257075 |d 257073 | ||
| 952 | |0 0 |1 0 |4 0 |6 321_804000000000000_LAS_1940 |7 0 |8 A |9 280315 |a BIBDER |b BIBDER |d 2019-11-19 |i 1813331 |o 321.804 LAS 1940 |p 1813331 |r 2023-01-25 |w 2019-11-19 |y BK |k DER | ||